Among tigers : fighting to bring back Asia's Big Cats (Record no. 3589)

MARC details
000 -LEADER
fixed length control field 00462nam a22001817a 4500
003 - CONTROL NUMBER IDENTIFIER
control field OSt
005 - DATE AND TIME OF LATEST TRANSACTION
control field 20240625160015.0
008 - FIXED-LENGTH DATA ELEMENTS--GENERAL INFORMATION
fixed length control field 240625b |||||||| |||| 00| 0 eng d
020 ## - INTERNATIONAL STANDARD BOOK NUMBER
International Standard Book Number 9781641606547
082 ## - DEWEY DECIMAL CLASSIFICATION NUMBER
Classification number 599.756
Item number KARA
100 ## - MAIN ENTRY--PERSONAL NAME
Personal name Karanth, K. Ullas
245 ## - TITLE STATEMENT
Title Among tigers : fighting to bring back Asia's Big Cats
260 ## - PUBLICATION, DISTRIBUTION, ETC.
Place of publication, distribution, etc. Chicago
Name of publisher, distributor, etc. Chicago Review Press
Date of publication, distribution, etc. 2023
300 ## - PHYSICAL DESCRIPTION
Extent 240p
546 ## - LANGUAGE NOTE
Language note English
650 ## - SUBJECT ADDED ENTRY--TOPICAL TERM
Topical term or geographic name entry element Zoology
942 ## - ADDED ENTRY ELEMENTS (KOHA)
Source of classification or shelving scheme Dewey Decimal Classification
Koha item type Book
Holdings
Withdrawn status Lost status Source of classification or shelving scheme Damaged status Not for loan Collection code Home library Current library Shelving location Date acquired Source of acquisition Cost, normal purchase price Inventory number Total Checkouts Total Renewals Full call number Barcode Date last seen Date last checked out Price effective from Koha item type
    Dewey Decimal Classification     Non-fiction RIC Library RIC Library General Stacks 06/25/2024 Amazon 1028.00 BLR7-49000/21.05.2024 1 4 599.756 KARA 002870 02/04/2026 08/02/2025 06/25/2024 Book

Venue

Rajasthan International Centre
Sansthan Path,JLN Marg, Jaipur- 302017
Phone: +91-7230904025